| 000 | 00405nam a2200169Ia 4500 | ||
|---|---|---|---|
| 001 | 10852 | ||
| 003 | IN-NITTTR | ||
| 005 | 20251114233101.0 | ||
| 008 | 251113s9999||||xx |||||||||||||| ||eng|| | ||
| 040 | _beng | ||
| 040 | _cIN-NITTTR | ||
| 041 | _aeng | ||
| 082 | _a004.11 H368D | ||
| 100 | _aHellerman, Herbert | ||
| 245 | 0 |
_aDigital computer system principles / _cHellerman, Herbert |
|
| 942 |
_2ddc _cBK |
||
| 999 |
_c13488 _d13488 |
||